000 01875cam a22003015a 4500
001 L145672
002 17484
008 081029s2008 xxkdo f h 001 0 eng d
020 _a9780728205543
035 _a(Sirsi) u145672
041 0 _aeng
050 0 4 _a346.410434 $2 18
100 1 _aEdwards, Simon
245 0 0 _aDilapidations and service charge disputes
_ba practical guide
260 _a[s.l.]
_bEstates Gazette
_c2008
300 _axxviii, 315p.
_bill.
_c22cm.
350 _a36.99
505 2 _aWhat are dilapidations and service charge disputes? -- Dilapidations, Statute and Common law -- Dilapidations and litigation -- The role of professional advisers -- What is the leasehold interest? -- Dilapidations remedies -- Surveyor due diligence -- The dilapidations survey -- Preparation of the schedule -- Collating the claim -- Serving the schedule -- The tenant's counter schedule -- Negotiation and settlement -- Common disputes, legal issues -- Common disputes, technical issues -- An introduction to service charges -- Commercial service charges -- Procuring and apportioning service charges -- Service charge disputes -- Avoiding dilapidations and service charge disputes
520 _aOffers practical guidance on dilapidations and service charge disputes, with advice pitched between that offered in guidance note and more complex case law texts. Provides step by step guidance for managing these disputes that would be useful to surveyors, lawyers and other practitioners, as well as students and tenants involved in a dispute.
521 _aAdvanced
590 _aKA
651 4 _aUnited Kingdom
_y
690 _aLandlord and tenant
_96252
690 _aMANAGEMENT-DISPUTE AVOIDANCE, MANAGEMENT AND RESOLUTION-DISPUTE MANAGEMENT AND RESOLUTION-ALTERNATIVE DISPUTE RESOLUTION
700 1 _aStell, Patrick
700 1 _aFirn, Keith
942 _n0
999 _c108852
_d108852